[Event "48. NSV Senioren EM 2014"]
[Site "Sottrum"]
[Date "2014.05.31"]
[Round "6.3"]
[White "Brunotte, Peter"]
[Black "Kuenitz, Bernhard"]
[Result "1/2-1/2"]
[WhiteElo "2000"]
[BlackElo "1917"]
[PlyCount "66"]
[EventDate "2014.??.??"]
[WhiteTeam "Hamelner SV"]
[BlackTeam "SAbt SV Werder Bremen"]

1. e4 d6 2. d3 e5 3. f4 Nc6 4. Nc3 Nf6 5. Nf3 Bd7 6. Be2 Nd4 7. O-O Nxf3+ 8.
Bxf3 c6 9. Qe1 Be7 10. Kh1 h5 11. b4 Ng4 12. f5 Bg5 13. Nd1 Bxc1 14. Rxc1 Qg5
15. Rb1 g6 16. h4 Qd8 17. Bxg4 hxg4 18. f6 Be6 19. c4 Kd7 20. Ne3 Rh6 21. Kg1
Qc7 22. g3 g5 23. Ng2 gxh4 24. Nxh4 Qb6+ 25. Qf2 Rxf6 26. Qxb6 Rxf1+ 27. Kxf1
axb6 28. Rb2 Ra3 29. Ke2 Kc7 30. Ng2 f5 31. exf5 Bxf5 32. Rd2 Be6 33. Ne3 Ra8
1/2-1/2

[Event "48. NSV Senioren EM 2014"]
[Site "Sottrum"]
[Date "2014.05.31"]
[Round "6.4"]
[White "Zotin, Vladimir"]
[Black "Gerhardt, Peter-Michael"]
[Result "0-1"]
[WhiteElo "1870"]
[BlackElo "2063"]
[PlyCount "72"]
[EventDate "2014.??.??"]
[WhiteTeam "Wilhelmshavener SC von 1887 e. V"]
[BlackTeam "SC Vahr"]

1. b3 Nf6 2. Bb2 g6 3. e4 d6 4. Nc3 Bg7 5. d4 O-O 6. Nf3 c5 7. Bd3 cxd4 8. Nxd4
Nc6 9. Nxc6 bxc6 10. O-O Qa5 11. Qe2 Nh5 12. Na4 Bxb2 13. Nxb2 Qg5 14. Qe3 Nf4
15. Qg3 Qf6 16. Nc4 e5 17. Rfe1 Re8 18. Rad1 d5 19. Ne3 Nh5 20. Qf3 Qxf3 21.
gxf3 d4 22. Nc4 Bh3 23. Nb2 Re6 24. Bf1 Bxf1 25. Kxf1 Rf6 26. Kg2 Nf4+ 27. Kg3
g5 28. Nd3 Ng6 29. Re2 Rc8 30. Ne1 Nf4 31. Red2 Rh6 32. Kg4 Rxh2 33. Nd3 Kg7
34. Nxf4 gxf4 35. Kf5 Rh5+ 36. Kg4 Kh6 0-1

[Event "48. NSV Senioren EM 2014"]
[Site "Sottrum"]
[Date "2014.05.31"]
[Round "6.5"]
[White "Gudat, Alfons"]
[Black "Klein, Manfred"]
[Result "1/2-1/2"]
[WhiteElo "1962"]
[BlackElo "1820"]
[PlyCount "86"]
[EventDate "2014.??.??"]
[WhiteTeam "SK Union Oldenburg"]
[BlackTeam "SC Sottrum"]

1. Nf3 c5 2. e4 Nc6 3. Bb5 d6 4. O-O Bd7 5. c3 g6 6. d4 cxd4 7. cxd4 Bg7 8. Nc3
Nf6 9. d5 Ne5 10. Nxe5 dxe5 11. Qa4 O-O 12. Be3 a6 13. Bxd7 Qxd7 14. f3 Qd6 15.
b4 Nd7 16. Qb3 Rfc8 17. Rac1 Rc7 18. Na4 Rac8 19. Rxc7 Rxc7 20. Rc1 Rxc1+ 21.
Bxc1 b5 22. Nb2 f5 23. Be3 Bf8 24. Nd3 Kh8 25. Nc5 f4 26. Bf2 e6 27. dxe6 Nxc5
28. Bxc5 Qd2 29. Qb1 Bxc5+ 30. bxc5 Qd4+ 31. Kh1 Qxc5 32. h3 Qd6 33. Qb3 Kg7
34. a4 b4 35. Qc4 Kf6 36. a5 Qd1+ 37. Kh2 b3 38. Qb4 Kxe6 39. Qb6+ Ke7 40. Qb7+
Ke8 41. Qb8+ Kf7 42. Qxe5 Qc2 43. Qd5+ Kg7 1/2-1/2

[Event "48. NSV Senioren EM 2014"]
[Site "Sottrum"]
[Date "2014.05.31"]
[Round "6.6"]
[White "Piastowski, Kurt"]
[Black "Kujat, Werner"]
[Result "1-0"]
[WhiteElo "1983"]
[BlackElo "1814"]
[PlyCount "33"]
[EventDate "2014.??.??"]
[WhiteTeam "SC Turm Lueneburg e.V."]
[BlackTeam "Stader SV"]

1. d4 Nf6 2. Nf3 e6 3. Bf4 d6 4. e3 Bd7 5. Bd3 Nd5 6. Bg3 Nc6 7. a3 Qe7 8. c4
Nf6 9. h3 O-O-O 10. Nc3 a6 11. O-O h6 12. b4 Na7 13. Qb3 g5 14. b5 a5 15. b6
Nc6 16. bxc7 Kxc7 17. Nb5+ 1-0

[Event "48. NSV Senioren EM 2014"]
[Site "Sottrum"]
[Date "2014.05.31"]
[Round "6.7"]
[White "Kahle, Hartmut"]
[Black "Elborg, Klaus"]
[Result "0-1"]
[WhiteElo "1462"]
[BlackElo "1671"]
[PlyCount "74"]
[EventDate "2014.??.??"]
[WhiteTeam "Eystruper SK"]
[BlackTeam "SK Duderstadt"]

1. d4 Nf6 2. Nf3 g6 3. e3 Bg7 4. c4 O-O 5. Nc3 d5 6. c5 b6 7. b4 a5 8. bxa5
bxc5 9. Bd2 cxd4 10. Nxd4 Rxa5 11. Qb3 Ra8 12. Bb5 Ba6 13. O-O Bxb5 14. Qxb5
Qd7 15. Rab1 c6 16. Qe2 Na6 17. Rb6 Nb8 18. Rfb1 c5 19. Rb7 Qd8 20. Nf3 e6 21.
a4 d4 22. exd4 cxd4 23. Ne4 Nd5 24. a5 Nc6 25. a6 Nc3 26. Bxc3 dxc3 27. Nc5 Nd4
28. Nxd4 Qxd4 29. Nb3 Qd5 30. Rd1 Qc6 31. Rdd7 Qxa6 32. Qc2 Qa2 33. Qxa2 Rxa2
34. g3 Rb2 35. Nc1 Rxb7 36. Rxb7 Rc8 37. Kf1 Bh6 0-1

[Event "48. NSV Senioren EM 2014"]
[Site "Sottrum"]
[Date "2014.05.31"]
[Round "6.8"]
[White "Montag, Gottfried"]
[Black "Flasche-Alke, Hartmut"]
[Result "1-0"]
[WhiteElo "1774"]
[BlackElo "1573"]
[PlyCount "105"]
[EventDate "2014.??.??"]
[WhiteTeam "SK Neustadt"]
[BlackTeam "Findorffer Sfr"]

1. e4 c5 2. c3 Nc6 3. d4 cxd4 4. cxd4 e6 5. Nf3 d6 6. Nc3 Be7 7. Bd3 a6 8. O-O
Nf6 9. Be3 O-O 10. h3 b5 11. Rc1 Bb7 12. a3 Re8 13. Re1 Bf8 14. Bg5 Be7 15. Be3
h6 16. b4 Rc8 17. Qd2 Nh7 18. Bb1 Ng5 19. Nh2 f5 20. f4 Nxe4 21. Nxe4 fxe4 22.
Bxe4 d5 23. Bb1 Bh4 24. Rf1 Rf8 25. Qd3 Ne7 26. Ng4 Rxc1 27. Rxc1 Bf6 28. Qc3
g6 29. Ne5 Kg7 30. g3 Nf5 31. Bxf5 gxf5 32. Kh2 Be7 33. Qc7 Ba8 34. Nd7 Qxc7
35. Rxc7 Bd6 36. Nxf8+ Bxc7 37. Nxe6+ Kf6 38. Nxc7 Bb7 39. Ne8+ Ke7 40. Ng7 Bc8
41. Nh5 Kf7 42. g4 fxg4 43. hxg4 Bxg4 44. Ng3 Kf6 45. f5 h5 46. Bf4 h4 47. Bg5+
Kxg5 48. Nf1 Bxf5 49. Nd2 Kg4 50. Nb3 h3 51. Nc5 Bc8 52. Nd3 Kf3 53. Nf4 1-0

[Event "48. NSV Senioren EM 2014"]
[Site "Sottrum"]
[Date "2014.05.31"]
[Round "6.9"]
[White "Buck, Klaus-Michael"]
[Black "Stummeyer, Dieter"]
[Result "0-1"]
[WhiteElo "1730"]
[BlackElo "1886"]
[PlyCount "72"]
[EventDate "2014.??.??"]
[WhiteTeam "Stader SV"]
[BlackTeam "SG Garbsen/Marienwerder"]

1. Nf3 Nf6 2. g3 d5 3. Bg2 Bf5 4. O-O h6 5. h3 Nbd7 6. d3 e5 7. Nfd2 Bd6 8. Re1
c6 9. e4 Be6 10. Nc3 Rc8 11. Kh2 O-O 12. Ne2 g5 13. Ng1 Kg7 14. c3 Ng8 15. Nf1
f5 16. exf5 Bxf5 17. Be3 Bg6 18. Bxa7 b6 19. Qb3 Qc7 20. Bxd5 Rxf2+ 21. Bg2 Bf7
22. Bxb6 Nxb6 23. c4 Rb8 24. Qc3 Na4 25. Qc1 Rbxb2 26. Ne3 Bc5 27. Rb1 Bxe3 28.
Rxb2 Rxg2+ 29. Rxg2 Bxc1 30. Rxc1 Nc5 31. Rd2 Bg6 32. d4 exd4 33. Rxd4 Nf6 34.
Ne2 h5 35. Kg1 Qe5 36. Rd7+ Nfxd7 0-1

[Event "48. NSV Senioren EM 2014"]
[Site "Sottrum"]
[Date "2014.05.31"]
[Round "6.10"]
[White "Krawinkel, Hans-Werner"]
[Black "Gilde, Guenter"]
[Result "0-1"]
[WhiteElo "1854"]
[BlackElo "1842"]
[PlyCount "66"]
[EventDate "2014.??.??"]
[WhiteTeam "SF Buxtehude"]
[BlackTeam "SC Sottrum"]

1. c4 Nf6 2. Nc3 e5 3. g3 Nc6 4. Bg2 Bb4 5. a3 Bxc3 6. bxc3 d6 7. d3 O-O 8. e4
h6 9. Ne2 Nh7 10. O-O f5 11. f4 fxe4 12. Bxe4 Nf6 13. Bg2 Qe8 14. Bf3 Bg4 15.
Bxg4 Nxg4 16. h3 Nf6 17. Rf2 Qd7 18. Kh2 Rae8 19. Rg2 exf4 20. Nxf4 Ne5 21.
Raa2 Nh7 22. Raf2 Ng5 23. h4 Ng4+ 24. Kg1 Nxf2 25. Rxf2 Rxf4 26. Bxf4 Nh3+ 27.
Kg2 Nxf2 28. Kxf2 Qf5 29. Kg2 Qe6 30. Kf2 Rf8 31. Kg2 d5 32. Bxc7 dxc4 33. d4
Qc6+ 0-1

[Event "48. NSV Senioren EM 2014"]
[Site "Sottrum"]
[Date "2014.06.01"]
[Round "7.1"]
[White "Grimm, Uwe"]
[Black "Meyer, Irmin"]
[Result "1-0"]
[WhiteElo "2124"]
[BlackElo "1979"]
[PlyCount "55"]
[EventDate "2014.??.??"]
[WhiteTeam "MTV Dannenberg"]
[BlackTeam "SAbt SV Werder Bremen"]

1. f4 d5 2. Nf3 g6 3. a4 Bg7 4. e3 b6 5. d4 Nf6 6. Bd3 O-O 7. O-O c5 8. c3 Nc6
9. Qe1 Rb8 10. Nbd2 c4 11. Bc2 a6 12. e4 dxe4 13. Nxe4 Nxe4 14. Bxe4 Qd6 15.
Ne5 Nxe5 16. fxe5 Qc7 17. Bf4 e6 18. Qh4 Bb7 19. Bxb7 Rxb7 20. Bg5 Rfb8 21. Rf3
Qc6 22. Raf1 b5 23. Be7 bxa4 24. Rxf7 Rxb2 25. Rxg7+ Kxg7 26. Qf6+ Kh6 27. Qf4+
Kg7 28. Bf8+ 1-0

[Event "48. NSV Senioren EM 2014"]
[Site "Sottrum"]
[Date "2014.06.01"]
[Round "7.2"]
[White "Davydov, Mihail"]
[Black "Brunotte, Peter"]
[Result "1/2-1/2"]
[WhiteElo "2054"]
[BlackElo "2000"]
[PlyCount "52"]
[EventDate "2014.??.??"]
[WhiteTeam "SK Neustadt"]
[BlackTeam "Hamelner SV"]

1. e4 e5 2. Nf3 Nc6 3. Nc3 Nf6 4. Bb5 Bb4 5. O-O Bxc3 6. dxc3 d6 7. Qe2 O-O 8.
Bg5 Bg4 9. Rfd1 Qe7 10. h3 Bh5 11. g4 Bg6 12. Nd2 Nd8 13. Qf3 Ne6 14. Bxf6 Qxf6
15. Qxf6 gxf6 16. f3 Nf4 17. Kh2 c6 18. Bd3 d5 19. Nf1 Rfd8 20. Ng3 Rd6 21.
exd5 cxd5 22. Rd2 Rad8 23. Rad1 e4 24. Bxe4 Kg7 25. Bf5 b6 26. b3 Re8 1/2-1/2

[Event "48. NSV Senioren EM 2014"]
[Site "Sottrum"]
[Date "2014.06.01"]
[Round "7.3"]
[White "Gerhardt, Peter-Michael"]
[Black "Piastowski, Kurt"]
[Result "1/2-1/2"]
[WhiteElo "2063"]
[BlackElo "1983"]
[PlyCount "37"]
[EventDate "2014.??.??"]
[WhiteTeam "SC Vahr"]
[BlackTeam "SC Turm Lueneburg e.V."]

1. d4 d5 2. c4 c6 3. Nc3 Nf6 4. Nf3 Bf5 5. e3 e6 6. Be2 Be7 7. O-O O-O 8. Ne5
Nbd7 9. f4 Ne4 10. Qb3 Nxe5 11. fxe5 Qd7 12. Nxe4 Bxe4 13. Bd2 f6 14. exf6 Rxf6
15. Bd3 Bxd3 16. Qxd3 Raf8 17. Rxf6 Bxf6 18. Bc3 Rd8 19. Qe2 1/2-1/2

[Event "48. NSV Senioren EM 2014"]
[Site "Sottrum"]
[Date "2014.06.01"]
[Round "7.4"]
[White "Kuenitz, Bernhard"]
[Black "Gudat, Alfons"]
[Result "1/2-1/2"]
[WhiteElo "1917"]
[BlackElo "1962"]
[PlyCount "114"]
[EventDate "2014.??.??"]
[WhiteTeam "SAbt SV Werder Bremen"]
[BlackTeam "SK Union Oldenburg"]

1. c4 Nf6 2. Nc3 g6 3. g3 Bg7 4. Bg2 O-O 5. d4 c6 6. e4 d6 7. Nge2 Nbd7 8. O-O
e5 9. d5 c5 10. Rb1 a6 11. a3 a5 12. Nb5 Nb6 13. Qc2 Qe7 14. f4 Bg4 15. fxe5
dxe5 16. h3 Bd7 17. a4 Nc8 18. Nec3 Nh5 19. Kh2 f5 20. exf5 gxf5 21. Nc7 f4 22.
Nxa8 Nxg3 23. Ne4 Qh4 24. Qf2 Bf5 25. Nxg3 fxg3+ 26. Qxg3 Qxg3+ 27. Kxg3 Bxb1
28. Rxf8+ Bxf8 29. Bd2 b6 30. Bg5 Bc2 31. Bd8 Bxa4 32. Nxb6 Nxb6 33. Bxb6 Bb3
34. Bxa5 Bxc4 35. Bc7 Bg7 36. Bd6 e4 37. Bxe4 Bxb2 38. Bxc5 h6 39. Be3 Kg7 40.
Kf4 Kf6 41. Bf3 Be5+ 42. Ke4 Bf1 43. h4 Bg3 44. h5 Kg7 45. Kf5 Bh3+ 46. Bg4 Bg2
47. Ke6 Bf1 48. Bd4+ Kf8 49. Bf5 Be2 50. Be3 Bxh5 51. Bxh6+ Ke8 52. Be4 Bg4+
53. Kf6 Bh4+ 54. Ke5 Bg3+ 55. Kd4 Kd7 56. Kc4 Be2+ 57. Bd3 Bxd3+ 1/2-1/2

[Event "48. NSV Senioren EM 2014"]
[Site "Sottrum"]
[Date "2014.06.01"]
[Round "7.5"]
[White "Stummeyer, Dieter"]
[Black "Schneider, Alexander"]
[Result "0-1"]
[WhiteElo "1886"]
[BlackElo "2015"]
[PlyCount "66"]
[EventDate "2014.??.??"]
[WhiteTeam "SG Garbsen/Marienwerder"]
[BlackTeam "Wilhelmshavener SC von 1887 e. V"]

1. e4 c5 2. Nf3 d6 3. d4 cxd4 4. Nxd4 Nf6 5. Nc3 g6 6. Be2 Bg7 7. Be3 Nc6 8.
Qd2 Bd7 9. Nb3 h5 10. O-O-O Ng4 11. Bxg4 Bxg4 12. f3 Bd7 13. f4 Na5 14. Nxa5
Qxa5 15. Bd4 f6 16. h3 Bc6 17. Kb1 O-O-O 18. Qf2 Kb8 19. Nd5 e5 20. Be3 f5 21.
Rd3 fxe4 22. Bd2 Qb5 23. a4 Qxa4 24. Ra3 Qd4 25. Be3 Qxd5 26. Bxa7+ Kc8 27. Bb6
Rdf8 28. c4 Qe6 29. Rd1 exf4 30. Ba5 e3 31. Qe2 f3 32. Qxe3 Qxe3 33. Rxe3 fxg2
0-1

[Event "48. NSV Senioren EM 2014"]
[Site "Sottrum"]
[Date "2014.06.01"]
[Round "7.6"]
[White "Klein, Manfred"]
[Black "Zotin, Vladimir"]
[Result "1-0"]
[WhiteElo "1820"]
[BlackElo "1870"]
[PlyCount "83"]
[EventDate "2014.??.??"]
[WhiteTeam "SC Sottrum"]
[BlackTeam "Wilhelmshavener SC von 1887 e. V"]

1. d4 c5 2. d5 e6 3. c4 exd5 4. cxd5 d6 5. Nc3 g6 6. Bf4 a6 7. a4 Bg7 8. Qd2
Ne7 9. Nf3 O-O 10. Bh6 Bxh6 11. Qxh6 Nf5 12. Qf4 Qb6 13. Rb1 Nd4 14. Nxd4 cxd4
15. Ne4 Bf5 16. b4 Nd7 17. a5 Qc7 18. Rc1 Qb8 19. Nxd6 Nf6 20. Qg3 Bd7 21. Qe5
Ng4 22. Qe7 Qd8 23. Qxd8 Raxd8 24. Nxb7 Bb5 25. Nxd8 Rxd8 26. e4 dxe3 27. fxe3
Rxd5 28. Bxb5 Rxb5 29. Rb1 Nxe3 30. Kd2 Nxg2 31. Rhc1 Rd5+ 32. Kc3 Nf4 33. Rd1
Rb5 34. Rd6 Nd5+ 35. Kd4 Nc7 36. Rc6 Rb7 37. Rb6 Ra7 38. Kc5 Ne6+ 39. Rxe6 fxe6
40. Kb6 Re7 41. Kxa6 e5 42. b5 1-0

[Event "48. NSV Senioren EM 2014"]
[Site "Sottrum"]
[Date "2014.06.01"]
[Round "7.7"]
[White "Elborg, Klaus"]
[Black "Montag, Gottfried"]
[Result "1/2-1/2"]
[WhiteElo "1671"]
[BlackElo "1774"]
[PlyCount "92"]
[EventDate "2014.??.??"]
[WhiteTeam "SK Duderstadt"]
[BlackTeam "SK Neustadt"]

1. d4 Nf6 2. c4 e6 3. Nc3 d5 4. e3 b6 5. Nf3 Bb7 6. cxd5 exd5 7. a3 Be7 8. Bd3
O-O 9. O-O Nbd7 10. b4 Ne4 11. Qc2 Ndf6 12. Nd2 Nxc3 13. Qxc3 Bd6 14. f4 Ne4
15. Nxe4 dxe4 16. Be2 a6 17. Bc4 Be7 18. Bb2 Rc8 19. Qe1 Bf6 20. Rb1 b5 21. Bb3
Bd5 22. Bxd5 Qxd5 23. Qc3 Be7 24. Rbc1 c6 25. Rc2 Rc7 26. Qd2 f5 27. Rfc1 h6
28. g3 Rf6 29. Kh1 Rg6 30. Rg1 h5 31. Qe2 Rh6 32. Kg2 Kh7 33. Kf2 g5 34. fxg5
Bxg5 35. Rc5 Qf7 36. Ba1 Be7 37. Rc3 h4 38. Ke1 hxg3 39. hxg3 Bd6 40. Qg2 Qg6
41. Kd1 Qg4+ 42. Kd2 Qh3 43. Qxh3 Rxh3 44. d5 Rh2+ 45. Kc1 c5 46. g4 c4 1/2-1/2

[Event "48. NSV Senioren EM 2014"]
[Site "Sottrum"]
[Date "2014.06.01"]
[Round "7.8"]
[White "Gilde, Guenter"]
[Black "Buck, Klaus-Michael"]
[Result "1-0"]
[WhiteElo "1842"]
[BlackElo "1730"]
[PlyCount "79"]
[EventDate "2014.??.??"]
[WhiteTeam "SC Sottrum"]
[BlackTeam "Stader SV"]

1. e4 e6 2. f4 Nc6 3. Nf3 d5 4. e5 Be7 5. d4 Bh4+ 6. Nxh4 Qxh4+ 7. g3 Qe7 8. c3
Bd7 9. Nd2 h5 10. Nb3 b6 11. Be3 a5 12. Bb5 Nxe5 13. fxe5 Bxb5 14. a4 Ba6 15.
Qd2 f6 16. exf6 gxf6 17. Nc1 Qh7 18. Ne2 Qe4 19. O-O-O Bc4 20. Nf4 Nh6 21. Rde1
Ba2 22. Qc2 Qxc2+ 23. Kxc2 Kf7 24. b3 Nf5 25. Bd2 c5 26. Kb2 Bxb3 27. Kxb3 cxd4
28. Nxe6 dxc3 29. Bxc3 Rae8 30. Nd4 Nd6 31. Rxe8 Rxe8 32. Re1 Ne4 33. Nb5 Rc8
34. Rxe4 Rxc3+ 35. Nxc3 dxe4 36. Nxe4 Ke6 37. Kc4 Ke5 38. Nxf6 Kxf6 39. Kb5 Kf5
40. h3 1-0

[Event "48. NSV Senioren EM 2014"]
[Site "Sottrum"]
[Date "2014.06.01"]
[Round "7.9"]
[White "Kujat, Werner"]
[Black "Krawinkel, Hans-Werner"]
[Result "1/2-1/2"]
[WhiteElo "1814"]
[BlackElo "1854"]
[PlyCount "32"]
[EventDate "2014.??.??"]
[WhiteTeam "Stader SV"]
[BlackTeam "SF Buxtehude"]

1. d4 Nf6 2. c4 e6 3. Nc3 d5 4. e3 b6 5. Nf3 Bb7 6. cxd5 exd5 7. a3 Be7 8. Bd3
O-O 9. O-O Nbd7 10. b4 Ne4 11. Qc2 Ndf6 12. Nd2 Nxc3 13. Qxc3 Bd6 14. f4 Ne4
15. Nxe4 dxe4 16. Be2 a6 1/2-1/2

[Event "48. NSV Senioren EM 2014"]
[Site "Sottrum"]
[Date "2014.06.01"]
[Round "7.10"]
[White "Flasche-Alke, Hartmut"]
[Black "Kahle, Hartmut"]
[Result "0-1"]
[WhiteElo "1573"]
[BlackElo "1462"]
[PlyCount "56"]
[EventDate "2014.??.??"]
[WhiteTeam "Findorffer Sfr"]
[BlackTeam "Eystruper SK"]

1. d4 d5 2. Nf3 Nc6 3. Bf4 Nf6 4. h3 e6 5. e3 a6 6. c4 Bb4+ 7. Nc3 Ne4 8. Rc1
b6 9. a3 Bxc3+ 10. bxc3 O-O 11. Bd3 Qe7 12. cxd5 exd5 13. a4 Bb7 14. O-O a5 15.
c4 Nb4 16. cxd5 Nxd5 17. Bh2 Rac8 18. Bxe4 Qxe4 19. Nd2 Qg6 20. Qc2 f5 21. Qa2
Rf7 22. Nf3 Nc3 23. Rxc3 Bxf3 24. g3 c6 25. Rfc1 Qh5 26. e4 fxe4 27. Rxc6 Rxc6
28. Rxc6 Qxh3 0-1